000
00318nam a2200133Ia 4500
100
_a
Beer/ F.P./ Johnston/ E.R.
942
_c
BK
654
_a
Engineers Dynamics
245
_a
Vector Mechanics for Engineers Dynamics
260
_b
MC Graw-Hill
_a
New York
_c
1977
082
_a
620.1
546
_a
ENGLISH
999
_c
22208
_d
22208